00582 a2200157 4500020001500000082001000015090001500025100001900040245006400059260003000123300001100153650006800164942001800232999001500250952015900265 a0749398078 a823.7 c1343d1343 aKafka ,Franz . aComplete novels the trial america the castlecFranz Kafka , aLondon :bVintage ,c1992 a464 p. a1. Love stories , English. 2.social life and customs ---Fiction cBKk823.7 KAF c5298d5298 001040708FICaCLbCLcFICd2005-06-04eAcademic Book Companyg675.00l9m12o823.7 KAFpSEECS005864q2024-06-06r2024-05-07s2024-05-07w2017-01-05yBK